000
00289nam a22001337a 4500
008
170616b xxu||||| |||| 00| 0 eng d
020
_a
9780521626941
041
_a
eng
080
_a
32
100
_a
20
101
_a
SHP
245
_a
GETING AND SPENDING
_c
STRASSER, S
942
_2
udc
_c
BK
999
_c
17840
_d
17840